| 000 | 00815nam a22002537a 4500 | ||
|---|---|---|---|
| 003 | SISC | ||
| 005 | 20160304151214.0 | ||
| 008 | 130319t xxu||||| |||| 00| 0 eng d | ||
| 050 |
_aPR 2807.A2 _b.Sh527 1961 |
||
| 050 |
_aPR 2807 _b.Sh527 1958 |
||
| 082 |
_aTR 822.33S7 _bSh1 1961 |
||
| 082 |
_aHS 822.33S7 _bSh1 1958 |
||
| 100 |
_aShakespeare, William _91777 |
||
| 245 |
_aThe tragedy of Hamlet, Prince of Denmark / _cWilliam Shakespeare |
||
| 260 |
_aNew York : _bLiving Shakespeare, Inc, _cc1961. |
||
| 260 |
_aNew York : _bWashington Square Press, _cc1958 |
||
| 300 |
_axliii, 147 p. : _c17 cm. |
||
| 562 | _e1 | ||
| 650 |
_aShakespeare, William 1564-1616 _xHamlet _91778 |
||
| 650 |
_aShakespeare, William ,1564-1616 _xTragedies _91779 |
||
| 942 |
_2lcc _cBK |
||
| 942 |
_2lcc _hHS |
||
| 999 |
_c2524 _d2524 |
||